Kolozsvár - a kultúra körei. Laudatio
Elmentve itt :
| Szerző: | |
|---|---|
| Adatforrás: | Meister |
| Forrásdokumentuma: | Korunk. - 12 sz., 1999, 73-78 p. |
| Nyelv: | magyar |
| Kulcsszavak: | filozófiatörténet Kolozsvár VAJDA Mihály HEIDEGGER Martin |
| LEADER | 00423nab a2200157 i 4500 | ||
|---|---|---|---|
| 001 | bibPRO00003754 | ||
| 008 | 060524s1999 xx hun | ||
| 040 | |a Sz1 | ||
| 041 | |a hun | ||
| 100 | 1 | |a EGYED Péter | |
| 245 | 1 | 0 | |a Kolozsvár - a kultúra körei. Laudatio |c EGYED Péter |
| 695 | |a filozófiatörténet | ||
| 695 | |a Kolozsvár | ||
| 695 | |a VAJDA Mihály | ||
| 695 | |a HEIDEGGER Martin | ||
| 773 | 0 | |t Korunk. - |g 12 sz., 1999, 73-78 p. | |